Normal view
MARC view
- Shields, Jennifer A. E
Entry Personal Name
001 - CONTROL NUMBER
- control field: 120755
003 - CONTROL NUMBER IDENTIFIER
- control field: NUST
005 - DATE AND TIME OF LATEST TRANSACTION
- control field: 20240220101712.0
008 - FIXED-LENGTH DATA ELEMENTS
- fixed length control field: 240220|| aca||aabn | a|a d
040 ## - CATALOGING SOURCE
- Original cataloging agency: NUST
- Transcribing agency: NUST
100 ## - HEADING--PERSONAL NAME
- Personal name: Shields, Jennifer A. E
670 ## - SOURCE DATA FOUND
- Source citation: Work cat.: (NUST): Shields, Jennifer A. E., Collage and architecture /, 2014.
